Представление документа в формате MARC21

Поле Инд. ПП Название Значение
Тип записи a
Библиографический уровень m
001 Контрольный номер cdca2d7b6d494bff824c2f500112dba4
005 Дата корректировки 20200327120037.5
008 Кодируемые данные 200311|||||||||ru |||||||||||||||||rus||
020 a ISBN 978-5-9973-3181-8
c Цена, тираж 120-00
040 b Код языка каталог. rus
041 0_ a Код языка текста rus
084 a Индекс другой классификации/Индекс ББК 42.3+28.5
090 a Полочн. индекс 42.3
x Авторский знак Г 67
100 1_ a Автор Горбунова С. И.
203 a Вид содержания Текст
c Тип средства непосредственное
245 10 a Заглавие Изучение прорастания посадочного материала для выращивания растений в Мурманске
b Продолж. заглавия монография
260 a Место издания Москва
b Издательство Спутник+
c Дата издания 2014
300 a Объем 294 с.
b Иллюстрации/ тип воспроизводства цв. ил.
504 a Библиография Библиогр.: с. 283-292
520 0_ a Аннотация В монографии предоставлены результаты наблюдений за прорастанием посадочного материала кустарниковых, древесных, однолетних, двулетних. многолетних растений, съедобных и декоративных луков, комнатных растений в условиях Мурманска. Исследования проводились с 1996 г. Книга может быть полезной для студентов лесохозяйственных, биологических учебных заведений, специалистов-озеленителей, медицинских работников, работников пищевых производств
583 x Служебное примечание Краеведческий каталог
650 04 a Основная рубрика Растениеводство-Мурманская область-Монографии
653 0_ a Ключевые слова Выращивание растений
a Ключевые слова Агротехника
a Ключевые слова Земледелие
a Ключевые слова Краеведение
a Ключевые слова Лесохозяйственные науки
a Ключевые слова Сельскохозяйственные науки
a Ключевые слова Монографии
a Ключевые слова Растениеводство
a Ключевые слова Растения древесные
a Ключевые слова Растения кустарниковые
900 a Имя макрообъекта Изучение прорастания посадочного маьтериала для выращивания
901 t Тип документа m
952 c Вид литературы монография